Comprensión y producción de discursos : guía teorica /

Guardado en:
Autor Principal: Vallejos, Patricia
Formato: Desconocido
Idioma:Spanish
Publicado: Bahía Blanca : Ediuns, 2009.
Edición:1a. ed.
Series:Docencia
Materias:
Etiquetas: Agregar Etiqueta
Sin Etiquetas, Sea el primero en etiquetar este registro!
LEADER 00498nac a22001695a 4500
001 DER.der011666
008 180615s2009####ag#||||||||||||||#||spa||
005 20250704165727.0
245 1 0 |a Comprensión y producción de discursos :  |b guía teorica /  |c Patricia Vallejos 
250 |a 1a. ed. 
260 |a Bahía Blanca :  |b Ediuns,  |c 2009. 
300 |a 68 p. 
440 0 |a Docencia 
020 |a 9789872342999 
100 1 |a Vallejos, Patricia 
650 7 |a DISCURSOS 
859 |a DERECHO  |b BIB. DERECHO  |h 808.851  |i VAL  |p 006730